000 00408pab a2200157 454500
008 180718b2011 xxu||||| |||| 00| 0 eng d
245 _aThirteenth assembly elections results in Assam
260 _c2011
300 _ap.131-134.
362 _a18 Jun
650 _aAssam.Legislative assembly - Elections
650 _aElections
773 _aEconomic and Political Weekly
908 _aN
909 _a91878
999 _c91878
_d91878